00467nam a2200169Ia 4500003000900000008004100009040001600050080001600066100001900082245008800101260003800189300000900227650001300236650001700249650000900266650002200275IN-BaIIA211028s9999 xx 000 0 eng d cIIA Library a523.34bVER aVery, Frank W. 0aOn the distribution of the moon's heat and its varion with the phasecFrank W. Very aThe HaguebMartinus Nijhoffc1891 a45p. aArchives aLunar Theory aMoon aPlanetary Systems